<?xml version="1.0" encoding="UTF-8"?>
<record
    xmlns:xsi="http://www.w3.org/2001/XMLSchema-instance"
    xsi:schemaLocation="http://www.loc.gov/MARC21/slim http://www.loc.gov/standards/marcxml/schema/MARC21slim.xsd"
    xmlns="http://www.loc.gov/MARC21/slim">

  <leader>01603cam a22002891  4500</leader>
  <controlfield tag="001">gs 64000316 </controlfield>
  <controlfield tag="003">DLC</controlfield>
  <controlfield tag="005">20260227111415.0</controlfield>
  <controlfield tag="008">780805s1964    dcuabd   b   f000 0 eng  </controlfield>
  <datafield tag="010" ind1=" " ind2=" ">
    <subfield code="a">gs 64000316 </subfield>
  </datafield>
  <datafield tag="035" ind1=" " ind2=" ">
    <subfield code="a">(OCoLC)4112608</subfield>
  </datafield>
  <datafield tag="040" ind1=" " ind2=" ">
    <subfield code="a">DLC</subfield>
    <subfield code="c">OClU</subfield>
    <subfield code="d">OCoLC</subfield>
    <subfield code="d">DLC</subfield>
  </datafield>
  <datafield tag="050" ind1="0" ind2="0">
    <subfield code="a">QE75</subfield>
    <subfield code="b">.B9 no. 1160</subfield>
  </datafield>
  <datafield tag="051" ind1=" " ind2=" ">
    <subfield code="a">QE81</subfield>
    <subfield code="b">.U5</subfield>
  </datafield>
  <datafield tag="110" ind1="2" ind2=" ">
    <subfield code="a">Geological Survey (U.S.)</subfield>
  </datafield>
  <datafield tag="245" ind1="1" ind2="0">
    <subfield code="a">Studies of pre-Selma Cretaceous core samples from the outcrop area in western Alabama;</subfield>
    <subfield code="c">a group of papers by W. H. Monroe [and othes]</subfield>
  </datafield>
  <datafield tag="260" ind1=" " ind2=" ">
    <subfield code="a">Washington,</subfield>
    <subfield code="b">U.S. Govt. Print. Off.,</subfield>
    <subfield code="c">1964.</subfield>
  </datafield>
  <datafield tag="300" ind1=" " ind2=" ">
    <subfield code="a">ix, 108 p.</subfield>
    <subfield code="b">illus., maps, diagrs. (1 fold. in pocket) tables.</subfield>
    <subfield code="c">24 cm.</subfield>
  </datafield>
  <datafield tag="410" ind1="2" ind2="0">
    <subfield code="a">Geological Survey (U.S.)</subfield>
    <subfield code="t">Bulletin,</subfield>
    <subfield code="v">1160</subfield>
  </datafield>
  <datafield tag="500" ind1=" " ind2=" ">
    <subfield code="a">Chapters have individual title pages.</subfield>
  </datafield>
  <datafield tag="504" ind1=" " ind2=" ">
    <subfield code="a">Includes bibliographies.</subfield>
  </datafield>
  <datafield tag="505" ind1="0" ind2=" ">
    <subfield code="a">A. General description of cores of pre-Selma Cretaceous strata in western Alabama, by W. H. Monroe--B. Petrology of pre-Selma strata from core holes in western Alabama, by R. E. Bergenback.--C. Pre-Selma larger invertebrate fossils from well core samples in western Alabama, by N. F. Sohl.--D. A microfauna from the Coker formation, Alabama, by E. R. Applin.--E. A preliminary report on the pollen and spores of the pre-Selma Upper Cretaceous strata of western Alabama, by E. B. Leopold and H. M. Pakiser.--F. General remarks on the pre-Selma Cretaceous strata of western Alabama, by L. C. Conant.</subfield>
  </datafield>
  <datafield tag="650" ind1=" " ind2="0">
    <subfield code="a">Geology</subfield>
    <subfield code="z">Alabama</subfield>
  </datafield>
  <datafield tag="650" ind1=" " ind2="0">
    <subfield code="a">Geology, Stratigraphic</subfield>
    <subfield code="y">Cretaceous</subfield>
  </datafield>
  <datafield tag="650" ind1=" " ind2="0">
    <subfield code="a">Borings</subfield>
    <subfield code="z">Alabama</subfield>
  </datafield>
  <datafield tag="700" ind1="1" ind2=" ">
    <subfield code="a">Monroe, Watson Hiner,</subfield>
    <subfield code="d">1907-</subfield>
  </datafield>
  <datafield tag="999" ind1=" " ind2=" ">
    <subfield code="c">29891</subfield>
    <subfield code="d">29891</subfield>
  </datafield>
</record>
